000 01021nam a2200277 a 4500
001 000014436
005 20200929163842.0
008 091214s1996 mx 000 f spa d
020 _a9682995469
040 _aDO-SdBNP
_bspa
_cBNPHU
041 1 7 _aspa
_hger
_2Código de idioma MARC
082 _a833.912
_bT779t
100 1 _aTraven, B.,
_q(Bernhard Traven Torsvan),
_d1882-1969
_932567
240 1 0 _aLand des frühlings.
_lEspañol
245 1 0 _aTierra de la primavera /
_cB. Traven ; traducción de Angélica Scherp ; prólogo de Alberto Vital.
260 _aMéxico :
_bDirección General de Publicaciones,
_c1996.
300 _a370 p. ;
_c21 cm.
490 1 _aMirada viajera
534 _pTítulo original en alemán:
_tLand des frühlings
_cGutenberg : Frankfurt am Main, 1982
650 4 _aNovela alemana
_93302
650 4 _aLiteratura alemana
_ySIGLO XX
_912939
700 1 _aScherp, Angélica,
_etr.
_932568
700 1 _aVital, Alberto,
_epról.
_932569
830 0 _aMirada viajera ;
_911996
049 _aBNGR
999 _c14026
_d14026